TV Pets and Animals (US) Quiz Stats

 Plays Quiz Updated Jan 27, 2019

Support Sporcle.
Go Orange.
Score 0/36 Timer 08:00
5 Plays Today
Pet/Animal Show % Correct
Brian Griffin (dog)Family Guy
81.1%
Santa's Little Helper (dog), Snowball & Snowball II (cats)The Simpsons
74.6%
Dino (dinosaur)The Flintstones
70.2%
Salem Saberhagen (cat)Sabrina the Teenage Witch
65.6%
Marcel (monkey), Duck (duck) & Chick (chick)Friends
64.2%
Astro (dog)The Jetsons
63.6%
Gary (snail)SpongeBob SquarePants
62.1%
[Title Character] (dog)Lassie
60.2%
[Title Character] (dolphin)Flipper
58.8%
[Title Character] (horse)Mr. Ed
57%
Eddie (dog)Frasier
53%
Silver (horse)Lone Ranger
47.7%
[Title Character] (extraterrestrial) & Lucky (cat)Alf
43.3%
Comet (dog)Full House
41.9%
Tiger (dog)The Brady Bunch
33.6%
Nibbler (Nibblonian)Futurama
31.1%
Igor (bat)The Munsters
29.8%
Rowdy (stuffed dog)Scrubs
27.8%
Pet/Animal Show % Correct
Kitty Cat (lion), Aristotle (octopus) & othersThe Addams Family
25.6%
Murray (dog)Mad About You
18.7%
Bear (chimp)BJ and the Bear
18.6%
Vincent (dog)Lost
16.7%
Flash (dog)The Dukes of Hazzard
16%
Buck & Lucky (dogs)Married ... With Children
15.6%
Elvis (alligator)Miami Vice
13.7%
Fred (cockatoo)Baretta
13.3%
Tramp (dog)My Three Sons
12.3%
Mr. Turtle (turtle)My Name is Earl
10.9%
Dreyfuss (dog)Empty Nest
9.9%
Duke (dog)The Beverly Hillbillies
8.8%
[Title Character] (dog)Scooby Doo
8.4%
Arnold (dog)Entourage
7.8%
Brandon (dog)Punky Brewster
4.8%
Speedy (dog)The Drew Carey Show
4.5%
Chester (dog)The Nanny
3.6%
The General (dog)Coach
2.2%

From the Vault

Closer to North Pole Than Equator

by ahlasny

It's probably safe to assume that most of these places won't make great beach vacations.
Remove Ads.
Support Sporcle.
Get the best of Sporcle when you Go Orange. This ad-free experience offers more features, more stats, and more fun while also helping to support Sporcle. Thank you for becoming a member.

Show Comments

Extras

Top Quizzes Today


Score Distribution

Your Account Isn't Verified!

In order to create a playlist on Sporcle, you need to verify the email address you used during registration. Go to your Sporcle Settings to finish the process.

Report this User

Report this user for behavior that violates our Community Guidelines.

Details: